<?xml version="1.0" encoding="UTF-8"?>
<record
    xmlns:xsi="http://www.w3.org/2001/XMLSchema-instance"
    xsi:schemaLocation="http://www.loc.gov/MARC21/slim http://www.loc.gov/standards/marcxml/schema/MARC21slim.xsd"
    xmlns="http://www.loc.gov/MARC21/slim">

  <leader>00542nam a22001937a 4500</leader>
  <controlfield tag="003">OSt</controlfield>
  <controlfield tag="005">20140310182352.0</controlfield>
  <controlfield tag="008">130930t        xxu||||| |||| 00| 0 eng d</controlfield>
  <datafield tag="020" ind1=" " ind2=" ">
    <subfield code="a">1551855801</subfield>
  </datafield>
  <datafield tag="050" ind1=" " ind2=" ">
    <subfield code="a">PZ 8.1</subfield>
    <subfield code="b">.M379 1994</subfield>
  </datafield>
  <datafield tag="082" ind1=" " ind2=" ">
    <subfield code="a">GS 398.21 </subfield>
    <subfield code="b">.T71 1994</subfield>
  </datafield>
  <datafield tag="100" ind1=" " ind2=" ">
    <subfield code="a">Martin, Annie Claude</subfield>
    <subfield code="9">22221</subfield>
  </datafield>
  <datafield tag="245" ind1=" " ind2=" ">
    <subfield code="a">A Treasury of Fairy Tales.</subfield>
    <subfield code="c">Annie-Claude Martin.</subfield>
  </datafield>
  <datafield tag="260" ind1=" " ind2=" ">
    <subfield code="a">ON :</subfield>
    <subfield code="b">Transedition Book,</subfield>
    <subfield code="c">1994.</subfield>
  </datafield>
  <datafield tag="300" ind1=" " ind2=" ">
    <subfield code="a">400 p. : </subfield>
    <subfield code="b">col. ill. ;</subfield>
    <subfield code="c">27.5 cm.</subfield>
  </datafield>
  <datafield tag="650" ind1=" " ind2=" ">
    <subfield code="a"> Fairy tales</subfield>
    <subfield code="9">3114</subfield>
  </datafield>
  <datafield tag="942" ind1=" " ind2=" ">
    <subfield code="2">lcc</subfield>
    <subfield code="c">BK-GS</subfield>
  </datafield>
  <datafield tag="999" ind1=" " ind2=" ">
    <subfield code="c">12401</subfield>
    <subfield code="d">12401</subfield>
  </datafield>
  <datafield tag="952" ind1=" " ind2=" ">
    <subfield code="0">0</subfield>
    <subfield code="1">0</subfield>
    <subfield code="2">lcc</subfield>
    <subfield code="4">0</subfield>
    <subfield code="a">LUX</subfield>
    <subfield code="b">LUX</subfield>
    <subfield code="c">GS</subfield>
    <subfield code="d">2013-09-30</subfield>
    <subfield code="l">0</subfield>
    <subfield code="o">PZ 8.1 .M379 1994</subfield>
    <subfield code="p">1064</subfield>
    <subfield code="r">2015-06-05 00:00:00</subfield>
    <subfield code="t">1</subfield>
    <subfield code="w">2013-09-30</subfield>
    <subfield code="y">BK</subfield>
  </datafield>
</record>
